Представление документа в формате RUSMARC

ПолеНазваниеЗначение
  Тип записи a
  Библиографический уровень m
001 Контрольный номер SKBR/4ba292bc-2837-44dd-a87f-d904dd5bce27
005 Дата корректировки 20260616102526.2
010 Индекс ISBN __
a ISBN 978-5-91187-467-4
b Уточнения в пер.
9 Тираж 1000 экз.
d Цена 805-56
035 Другие системные номера __
a Идентификатор записи RU/Тюменская ОНБ/EKC/83/А 72-055370064
100 Данные общей обработки __
a Данные общей обработки 20240806d2024 m y0rusy028902 ca
101 Язык документа 0_
a Язык текста rus
102 Страна публикации __
a Страна публикации RU
105 Кодированные данные (монография) __
a Кодированные данные (монография) achbz 000yb
181 Поле кодированных данных: вид содержания _0
a Код вида содержания (ISBD) i
182 Поле кодированных данных: тип средства _0
a Код типа средства (ISBD) n
200 Заглавие и сведения об ответственности 1_
a Заглавие Маяковский: я еду удивлять!
f Первые сведения об ответственности Галина Антипова
e Сведения, относящиеся к заглавию марш поэта по стране и миру
203 Вид содержания и тип средства __
a Вид содержания Текст
c Тип средства непосредственный
205 Сведения об издании __
a Основные сведения об издании 2-е издание
210 Выходные данные 1_
a Место издания Москва
c Издательство Бослен
d Дата издания 2024
215 Физическое описание __
a Объем 302, [1] с.
c Иллюстрации/тип воспроизводства ил., портр., факс., карты
d Формат 20 см
300 Общие примечания __
a Общие примечания Содержит ссылки по QR-кодам на дополнительные материалы
320 Библиография __
a Библиография Библиография: с. [303]
320 Библиография __
a Библиография Указатель упоминаемых адресов: с. 288-296
330 Аннотация __
a Аннотация Путешествия - неотъемлемая часть жизни Владимира Маяковского. Сам поэт писал: "Поэзия - вся! - езда в незнакомое", "Мне необходимо ездить". В поездках происходили важнейшие события, впечатления от них откладывались в стихах и других произведениях. Хотите познакомиться с близким кругом общения поэта и прогуляться по излюбленным местам артистических кругов Европы? Узнать о выступлениях футуристов в разных городах России? Побывать вместе с Маяковским в Мексике и Америке? Эта книга - география поездок поэта: в ней описаны не только маршруты Маяковского, но и города, в которых он бывал. К упоминаемым адресам гостиниц, театров, кафе, салонов и издательств указаны современные названия и ориентиры, так что при желании вы сможете совершить не только виртуальное путешествие. QR-коды ведут на дополнительные материалы и карты городов, где поэт или был неоднократно, или они сыграли значительную роль в его биографии и творчестве...
333 Примечание о целевом назначении __
a Примечание о целевом назначении 16+. Для детей старше 16 лет
532 Расширенное заглавие 10
a Расширенное заглавие Марш поэта по стране и миру
600 Персоналии _1
a Персоналии (Фамилия) Маяковский
b Персоналии (Имя) В. В.
g Полное имя Владимир Владимирович
f Даты 1893-1930
2 Код системы nlr_sh
606 Тематические рубрики __
a Основная рубрика Литературоведение
2 Код системы nlr_sh
606 Тематические рубрики __
2 Код системы nlr_sh
a Основная рубрика Русская литература XX в.
610 Ключевые слова 0_
a Ключевые слова биографии
610 Ключевые слова 0_
a Ключевые слова биографии писателей
610 Ключевые слова 0_
a Ключевые слова биографии поэтов
610 Ключевые слова 0_
a Ключевые слова персоналии
610 Ключевые слова 0_
a Ключевые слова биографические сведения
610 Ключевые слова 0_
a Ключевые слова биографические материалы
610 Ключевые слова 0_
a Ключевые слова поэты
610 Ключевые слова 0_
a Ключевые слова русская литература
610 Ключевые слова 0_
a Ключевые слова русские поэты
610 Ключевые слова 0_
a Ключевые слова поэты-футуристы
610 Ключевые слова 0_
a Ключевые слова поэты Серебряного века
610 Ключевые слова 0_
a Ключевые слова литературное творчество
610 Ключевые слова 0_
a Ключевые слова литературная деятельность
686 Индексы других классификаций __
2 Код системы rubbks
a Классификационный индекс 83.3(2=411.2)6-8; ст83.3(2=411.2)6-8
700 Автор _1
a Фамилия Антипова
b Имя Г. А.
g Полное личное имя Галина Александровна
4 Код отношения 070
801 Источник записи _2
b Организация Тюменская ОНБ
a Страна RU
c Дата составления 20250310
g Правила каталогизации PSBO
801 Источник записи _1
b Организация Тюменская ОНБ
a Страна RU
c Дата составления 20250409
g Правила каталогизации PSBO
852 Данные о местонахождении __
i Авторский знак А 72
j Шифр хранения 83.3(2=411.2)6-8
900 Макрообъекты __
a Макрообъекты Маяковский. Антипова, Г. А., 2024
901 Тип документа __
a Ответственный ООФиК/Волкова
t Тип документа m
901 Тип документа __
a Ответственный 7 партия
903 Характеристики (МАРС) __
a Дата передачи 20260603
c Наименование библиотеки (МАРС) Муниципальное бюджетное учреждение культуры "Централизованная библиотечная система" г. Сургут (Центральная городская библиотека им. А. С. Пушкина)
969 Тип издания __
a Тип издания научно-популярное издание
a Тип издания Ф 26
990 Данные о заказе (DOS) __
j Количество экземпляров (DOS) 1
t N записи в КСУ для И/У (DOS) 202607